000
00255nam a22001097a 4500
008
160419b xxu||||| |||| 00| 0 eng d
020
_a
0323025862
041
_a
eng
080
_a
618.2
245
1
0
_a
Fundamentals of nursing:
_c
Potter Perry;
942
_2
udc
_c
BK
999
_c
1435
_d
1435